000 01013cam a22003014a 4500
001 16300389
003 URS
005 20260326151013.0
008 100624s2011 enk b 001 0 eng
010 _a 2010025698
020 _a9780415557740
_qhbk
020 _a9780415557757
_qpbk
020 _a9780203868447
_qebk
040 _aDLC
_cDLC
_beng
_dURS
_erda
050 1 4 _aGV711
_b.Et373 2011
100 1 _aHardman, Alun R.
_eeditor;
245 0 4 _aThe ethics of sports coaching /
_cedited by Alun R. Hardman and Carwyn Jones.
264 1 _aMilton Park, Abingdon, Oxon ;
_aNew York :
_bRoutledge,
_c2011.
300 _axi, 222 pages ;
_c25 cm
336 _atext
_btxt
_2rdacontent
337 _aunmediated
_bn
_2rdamedia
338 _avolume
_bnc
_2rdacarrier
504 _aIncludes bibliographical references and index.
650 0 _aCoaching (Athletics)
650 0 _aSports
_xMoral and ethical aspects.
700 1 _aJones, Carwyn Rhys.
_eeditor;
942 _2lcc
_cFR
_hGV711
_i.Et373 2011
999 _c99262
_d99259